[Event "ZMDI-Open 2013"]
[Site "Dresden"]
[Date "2013.08.16"]
[Round "7"]
[White "Stahr, R."]
[Black "Schott, V."]
[Result "1-0"]
[WhiteElo "2079"]
[BlackElo "1808"]
[PlyCount "97"]
[EventDate "2013.??.??"]

1. c4 e6 2. e4 b6 3. d4 Bb7 4. Bd3 Bb4+ 5. Nc3 Nc6 6. d5 Ne5 7. Be2 Qh4 8. Qd4
Qf6 9. f4 Ng6 10. e5 Qh4+ 11. g3 Qe7 12. Nf3 Bc5 13. Qe4 Bb4 14. Qd3 Nh6 15.
Bd2 Ng4 16. h3 Nh6 17. O-O-O Nf5 18. Rhg1 Bc5 19. Rg2 O-O-O 20. a3 a5 21. Ne4
h5 22. Nfg5 f6 23. Nxc5 fxg5 24. Nxb7 Kxb7 25. d6 cxd6 26. Bf3+ d5 27. cxd5
Rc8+ 28. Kb1 Ka7 29. d6 Qd8 30. Qe4 Rc6 31. fxg5 Qb8 32. Bc3 Rhc8 33. Bxh5 Rc4
34. Qe2 Nxg3 35. Rxg3 Nf4 36. Qf3 Rf8 37. Rc1 Qc8 38. Qd1 Rh8 39. Be2 Rc5 40.
Qf1 Nd5 41. Bd4 Rxc1+ 42. Qxc1 Qe8 43. Qd2 Rh4 44. Qxa5+ Kb7 45. Qa6+ Kb8 46.
Bxb6 Qg6+ 47. Ka1 Ra4 48. Bc7+ Nxc7 49. Rb3+ 1-0

[Event "ZMDI-Open 2013"]
[Site "Dresden"]
[Date "2013.08.16"]
[Round "7"]
[White "Kießling, A."]
[Black "Zienert, R."]
[Result "1/2-1/2"]
[WhiteElo "1995"]
[BlackElo "1845"]
[PlyCount "22"]
[EventDate "2013.??.??"]

1. e4 c5 2. Nf3 d6 3. d3 Nc6 4. g3 g6 5. Bg2 Bg7 6. O-O e6 7. Nbd2 Nge7 8. Re1
O-O 9. c3 b5 10. Nf1 d5 11. Qc2 b4 1/2-1/2

[Event "ZMDI-Open 2013"]
[Site "Dresden"]
[Date "2013.08.16"]
[Round "7"]
[White "Richter, S."]
[Black "Pössel, C."]
[Result "0-1"]
[WhiteElo "1843"]
[BlackElo "1956"]
[PlyCount "59"]
[EventDate "2013.??.??"]

1. e4 c5 2. Nf3 d6 3. d4 cxd4 4. Nxd4 Nf6 5. Nc3 a6 6. Bc4 e6 7. Qe2 Be7 8. g4
Nc6 9. Be3 Nxd4 10. Bxd4 e5 11. Be3 Nxg4 12. O-O-O Nxe3 13. fxe3 O-O 14. Rhg1
Kh8 15. Rdf1 Be6 16. Bd5 Qd7 17. Qg2 g6 18. Rf3 Rac8 19. h4 h5 20. Rgf1 Kg7 21.
Qf2 b5 22. Bb3 Qd8 23. Qg2 b4 24. Rg1 Bg4 25. Nd5 Bxh4 26. Rff1 a5 27. Qh2 Bg5
28. Rh1 Qe8 29. Rfg1 Rh8 30. Nb6 0-1

[Event "ZMDI-Open 2013"]
[Site "Dresden"]
[Date "2013.08.16"]
[Round "7"]
[White "Schwarz, H."]
[Black "Reiche, N."]
[Result "1/2-1/2"]
[WhiteElo "1905"]
[BlackElo "1767"]
[PlyCount "67"]
[EventDate "2013.??.??"]

1. f4 d5 2. Nf3 Nc6 3. e3 a6 4. d4 Nf6 5. c3 Bf5 6. Be2 e6 7. O-O Bd6 8. Ne5
Bxe5 9. fxe5 Ne4 10. Nd2 O-O 11. Bf3 Nxd2 12. Bxd2 Ne7 13. b4 b6 14. Qe2 b5 15.
e4 Bxe4 16. Bxe4 dxe4 17. Qxe4 Qd5 18. Qg4 Ng6 19. Bg5 Qc4 20. Qg3 a5 21. h4 h5
22. a3 axb4 23. axb4 Qc6 24. Rxa8 Rxa8 25. Qf2 Rf8 26. Qe3 Ra8 27. Qf2 Rf8 28.
Bd2 Qe4 29. g3 Ne7 30. Re1 Qg4 31. Ra1 Nf5 32. Kh2 Qe4 33. Ra7 Ra8 34. Rxa8+
1/2-1/2

[Event "ZMDI-Open 2013"]
[Site "Dresden"]
[Date "2013.08.16"]
[Round "7"]
[White "Wiewesiek, T."]
[Black "Felger, K."]
[Result "1/2-1/2"]
[WhiteElo "1704"]
[BlackElo "1901"]
[PlyCount "79"]
[EventDate "2013.??.??"]

1. e4 c5 2. Nc3 e5 3. Bc4 d6 4. d3 Nf6 5. f4 Nc6 6. Nf3 a6 7. a4 Be7 8. O-O Bg4
9. h3 Bxf3 10. Qxf3 Nd4 11. Qd1 O-O 12. Be3 Rb8 13. Bxd4 cxd4 14. Nd5 Nd7 15.
b4 b5 16. axb5 axb5 17. Bb3 Rb7 18. f5 Bf6 19. Qg4 Nb6 20. Rf3 Nxd5 21. Bxd5
Rb6 22. Qh5 Qe7 23. Raf1 Kh8 24. h4 Rbb8 25. Qg4 h6 26. Rh3 Rbc8 27. Bb3 d5 28.
exd5 Qxb4 29. d6 Qxd6 30. Qh5 Rc7 31. g4 Bd8 32. g5 e4 33. dxe4 Rc3 34. Rxc3
dxc3 35. Rf2 Bb6 36. f6 Bxf2+ 37. Kxf2 Qf4+ 38. Kg1 gxf6 39. Qxh6+ Kg8 40. Qg6+
1/2-1/2

[Event "ZMDI-Open 2013"]
[Site "Dresden"]
[Date "2013.08.16"]
[Round "7"]
[White "Klein, G."]
[Black "Niemann, S."]
[Result "1-0"]
[WhiteElo "1953"]
[BlackElo "1760"]
[PlyCount "47"]
[EventDate "2013.??.??"]

1. Nf3 g6 2. c4 d6 3. d4 Bg7 4. e4 Nc6 5. Be3 f5 6. Nc3 e5 7. dxe5 Nxe5 8. Nxe5
Bxe5 9. f4 Bxc3+ 10. bxc3 fxe4 11. Be2 Nf6 12. O-O O-O 13. g4 Qd7 14. f5 Qc6
15. fxg6 hxg6 16. Bd4 d5 17. cxd5 Nxd5 18. Rxf8+ Kxf8 19. Qf1+ Ke7 20. Qh3 Be6
21. Rf1 Nxc3 22. Bxc3 Qc5+ 23. Kg2 Bxa2 24. Qh7+ 1-0

[Event "ZMDI-Open 2013"]
[Site "Dresden"]
[Date "2013.08.16"]
[Round "7"]
[White "Kühnast, V."]
[Black "Mäder, J."]
[Result "0-1"]
[WhiteElo "1936"]
[BlackElo "1855"]
[PlyCount "69"]
[EventDate "2013.??.??"]

1. e4 c5 2. Nf3 d6 3. Bb5+ Bd7 4. Bxd7+ Qxd7 5. O-O Nc6 6. Qe2 e6 7. Rd1 g6 8.
c3 Bg7 9. d4 cxd4 10. cxd4 Nge7 11. Nc3 O-O 12. Bf4 a6 13. e5 d5 14. Qd2 b5 15.
Bh6 Bxh6 16. Qxh6 Nf5 17. Qh3 Kg7 18. g4 Nfe7 19. Ne2 Ng8 20. Qg3 Nge7 21. Nh4
f5 22. exf6+ Rxf6 23. f4 Rff8 24. Rf1 Qd6 25. Rf3 Ng8 26. Qf2 Nf6 27. h3 Ne4
28. Qe3 Ne7 29. Nc3 Nxc3 30. bxc3 Rac8 31. Re1 Rc6 32. f5 Rf6 33. g5 Rxf5 34.
Nxf5+ Nxf5 35. Rf2 0-1

[Event "ZMDI-Open 2013"]
[Site "Dresden"]
[Date "2013.08.16"]
[Round "7"]
[White "Schlegel, K."]
[Black "Mühle, H."]
[Result "1/2-1/2"]
[WhiteElo "1749"]
[BlackElo "1927"]
[PlyCount "21"]
[EventDate "2013.??.??"]

1. d4 Nf6 2. c4 e6 3. Nf3 d5 4. g3 Bb4+ 5. Bd2 Bxd2+ 6. Qxd2 Ne4 7. Qc2 c6 8.
Bg2 Qa5+ 9. Nbd2 Nxd2 10. Qxd2 Qxd2+ 11. Nxd2 1/2-1/2

[Event "ZMDI-Open 2013"]
[Site "Dresden"]
[Date "2013.08.16"]
[Round "7"]
[White "Schnoor, F."]
[Black "Altstadt, K."]
[Result "1-0"]
[WhiteElo "1748"]
[BlackElo "1815"]
[PlyCount "55"]
[EventDate "2013.??.??"]

1. e4 c5 2. Nf3 d6 3. d4 cxd4 4. Nxd4 Nf6 5. Nc3 a6 6. Be3 e6 7. f3 Nbd7 8. g4
h6 9. Qd2 b5 10. O-O-O Bb7 11. h4 b4 12. Na4 d5 13. Bh3 Ne5 14. g5 Nc4 15. Qe2
Nh5 16. g6 Bd6 17. gxf7+ Ke7 18. Nxe6 Qa5 19. exd5 Bxd5 20. Bc5 Ng3 21. Bxd6+
Nxd6 22. Qe5 Nxf7 23. Qxg3 Rac8 24. Rhe1 Rxc2+ 25. Kxc2 Qxa4+ 26. Kd2 Qxa2 27.
Nc5+ Kf6 28. Nd7# 1-0

[Event "ZMDI-Open 2013"]
[Site "Dresden"]
[Date "2013.08.16"]
[Round "7"]
[White "Udet, F."]
[Black "Leimeister, W."]
[Result "1/2-1/2"]
[WhiteElo "1711"]
[BlackElo "1920"]
[PlyCount "38"]
[EventDate "2013.??.??"]

1. e4 c5 2. c3 g6 3. d4 cxd4 4. cxd4 d5 5. e5 Nc6 6. Nc3 Bg7 7. Be3 Nh6 8. Nf3
Bg4 9. Be2 Nf5 10. Qd2 O-O 11. O-O Rc8 12. Rfd1 Qa5 13. h3 Bxf3 14. Bxf3 e6 15.
a3 f6 16. exf6 Bxf6 17. b4 Qd8 18. Ne2 Qb6 19. Bg4 Nce7 1/2-1/2

[Event "ZMDI-Open 2013"]
[Site "Dresden"]
[Date "2013.08.16"]
[Round "7"]
[White "Würsig, M."]
[Black "Koenig, J."]
[Result "1-0"]
[WhiteElo "1819"]
[BlackElo "1705"]
[PlyCount "93"]
[EventDate "2013.??.??"]

1. e4 e5 2. Nf3 Nc6 3. Bc4 Nf6 4. Nc3 Be7 5. O-O O-O 6. a3 d6 7. d4 Bg4 8. d5
Nd4 9. Be2 Nxe2+ 10. Qxe2 h6 11. Qd3 Nd7 12. Ne1 Bg5 13. Qg3 Bxc1 14. Rxc1 Bh5
15. Nd3 Qg5 16. Qxg5 hxg5 17. f3 a6 18. g4 Bg6 19. Kg2 f6 20. Rh1 Kf7 21. h4
gxh4 22. Rxh4 Rh8 23. Rch1 Rxh4 24. Rxh4 Kg8 25. Nd1 Nf8 26. Ne3 Bh7 27. Rh1
Bg6 28. b3 Nh7 29. Kg3 Ng5 30. Rh2 Bh7 31. c4 g6 32. c5 b5 33. cxb6 cxb6 34.
Rc2 Kf8 35. Rc6 Ke7 36. Rxb6 Rc8 37. Nc4 f5 38. Nf2 a5 39. a4 Rc5 40. Rb7+ Kd8
41. f4 Kc8 42. Nxd6+ Kd8 43. fxg5 f4+ 44. Kg2 Bg8 45. Nc4 Bxd5 46. exd5 Rxd5
47. Rb5 1-0

[Event "ZMDI-Open 2013"]
[Site "Dresden"]
[Date "2013.08.16"]
[Round "7"]
[White "Schneider, M."]
[Black "Renger, N."]
[Result "0-1"]
[WhiteElo "1700"]
[BlackElo "1667"]
[PlyCount "80"]
[EventDate "2013.??.??"]

1. c4 Nf6 2. g3 g6 3. Bg2 Bg7 4. Nc3 O-O 5. e4 d6 6. Nge2 c5 7. O-O Nc6 8. d3
Nd7 9. f4 Nd4 10. Kh1 Nb8 11. Nxd4 cxd4 12. Ne2 Nc6 13. Bd2 Qc7 14. b4 e6 15.
a4 Bd7 16. a5 a6 17. b5 Ne7 18. Qb3 e5 19. fxe5 dxe5 20. Bb4 Be6 21. b6 Qd7 22.
Qa3 Rfe8 23. Bd6 Nc6 24. Bc7 Bf8 25. c5 Be7 26. Ng1 Kg7 27. Nf3 f6 28. Nd2 h5
29. Rac1 h4 30. gxh4 Rh8 31. Nc4 Rxh4 32. Rf2 Rah8 33. Bf3 Bg4 34. Rcc2 Bxf3+
35. Rxf3 Qg4 36. Rf1 Qg3 37. Qb2 Qxd3 38. Qc1 Qxe4+ 39. Rg2 Rxh2+ 40. Kg1 Rxg2#
0-1

[Event "ZMDI-Open 2013"]
[Site "Dresden"]
[Date "2013.08.16"]
[Round "7"]
[White "Schamschurko, A."]
[Black "Vorobiov, I."]
[Result "1/2-1/2"]
[WhiteElo "1703"]
[BlackElo "1774"]
[PlyCount "74"]
[EventDate "2013.??.??"]

1. e4 e6 2. d4 d5 3. Nc3 Nf6 4. e5 Nfd7 5. f4 c5 6. Nf3 Nc6 7. Ne2 cxd4 8.
Nexd4 Qb6 9. c3 Nc5 10. Be2 Bd7 11. O-O Rc8 12. Kh1 g6 13. a3 h5 14. b4 Ne4 15.
Bb2 Nxd4 16. cxd4 Nc3 17. Bxc3 Rxc3 18. Qd2 Rc8 19. Rfc1 Bh6 20. Rxc8+ Bxc8 21.
Rc1 Ke7 22. g3 Bd7 23. b5 Rc8 24. Rxc8 Bxc8 25. Qc3 Bd7 26. a4 Kd8 27. Kg2 Qc7
28. Qxc7+ Kxc7 29. a5 Bf8 30. Nd2 Bb4 31. Nb3 Bc8 32. Kf3 a6 33. bxa6 bxa6 34.
Ke3 Kb7 35. Bd3 Kc6 36. Be2 Kb7 37. Bd3 Kc6 1/2-1/2

[Event "ZMDI-Open 2013"]
[Site "Dresden"]
[Date "2013.08.16"]
[Round "7"]
[White "Bregenzer, M."]
[Black "Herbrig, M."]
[Result "0-1"]
[WhiteElo "1740"]
[BlackElo "1687"]
[PlyCount "48"]
[EventDate "2013.??.??"]

1. e4 c5 2. Nc3 Nc6 3. g3 g6 4. Bg2 Bg7 5. d3 d6 6. Be3 Nf6 7. Nge2 Ng4 8. O-O
O-O 9. d4 cxd4 10. Bxd4 Nxd4 11. Nxd4 Qb6 12. Nb3 Be6 13. h3 Ne5 14. Qe2 Bc4
15. Qd2 Bxf1 16. Nd5 Qd8 17. Rxf1 Nc4 18. Qe2 Nxb2 19. c4 Rc8 20. Nd2 e6 21.
Ne3 Na4 22. Kh2 Nc3 23. Qg4 Nxa2 24. f4 Qa5 0-1

[Event "ZMDI-Open 2013"]
[Site "Dresden"]
[Date "2013.08.16"]
[Round "7"]
[White "Bolshakov, K."]
[Black "Thuma, H."]
[Result "1-0"]
[WhiteElo "1681"]
[BlackElo "1774"]
[PlyCount "73"]
[EventDate "2013.??.??"]

1. d4 Nf6 2. Nf3 g6 3. c4 c5 4. d5 Bg7 5. Nc3 O-O 6. e4 d6 7. Be2 Bg4 8. Nd2
Bxe2 9. Qxe2 Nbd7 10. O-O Rb8 11. Nb3 Re8 12. f3 a6 13. a4 e6 14. Bf4 Nf8 15.
a5 exd5 16. cxd5 Nh5 17. Be3 Be5 18. Qf2 Bg7 19. Nd2 Nf6 20. Nc4 Qe7 21. Kh1
N8d7 22. Bf4 Ne5 23. Nxe5 dxe5 24. Be3 Rbc8 25. Na4 Nd7 26. Rfc1 Bf8 27. Rc4
Rc7 28. Rac1 Rec8 29. b4 Qd8 30. bxc5 Rb8 31. c6 bxc6 32. dxc6 Qc8 33. cxd7
Rxc4 34. dxc8=Q Rbxc8 35. Rxc4 Rxc4 36. Nb6 Rb4 37. h3 1-0

[Event "ZMDI-Open 2013"]
[Site "Dresden"]
[Date "2013.08.16"]
[Round "7"]
[White "Priese, A."]
[Black "Neffe, G."]
[Result "1-0"]
[WhiteElo "1678"]
[BlackElo "1634"]
[PlyCount "99"]
[EventDate "2013.??.??"]

1. e4 Nf6 2. e5 Nd5 3. d4 d6 4. Nf3 Bg4 5. Be2 Nc6 6. O-O h6 7. c4 Nb6 8. b3 e6
9. Nbd2 a6 10. Bb2 d5 11. Rc1 Be7 12. Re1 O-O 13. Nf1 Bb4 14. Bc3 Bxc3 15. Rxc3
Ne7 16. c5 Nbc8 17. Qd2 c6 18. h3 Bxf3 19. Rxf3 Nf5 20. Ng3 Nce7 21. Bd1 b5 22.
b4 a5 23. a3 a4 24. Bc2 Nxg3 25. Rxg3 g5 26. h4 Ng6 27. hxg5 h5 28. Rh3 Kg7 29.
Rxh5 Rh8 30. Rh3 Rxh3 31. gxh3 Qh8 32. Kh2 Qh4 33. Qe3 Rh8 34. Bxg6 fxg6 35. f4
Rf8 36. Rf1 Rf5 37. Qg3 Qh5 38. Rf3 Qh7 39. Qg4 Kf7 40. h4 Kg7 41. Rh3 Qh5 42.
Kg3 Qxg4+ 43. Kxg4 Rf8 44. h5 gxh5+ 45. Rxh5 Rh8 46. Rxh8 Kxh8 47. Kh5 Kg7 48.
g6 Kg8 49. Kg5 Kg7 50. f5 1-0

[Event "ZMDI-Open 2013"]
[Site "Dresden"]
[Date "2013.08.16"]
[Round "7"]
[White "Wiessner, J."]
[Black "Wunderlich, M."]
[Result "1-0"]
[WhiteElo "1861"]
[BlackElo "1785"]
[PlyCount "57"]
[EventDate "2013.??.??"]

1. d4 Nf6 2. c4 e6 3. Nc3 Bb4 4. Bd2 O-O 5. Nf3 b6 6. g3 Bb7 7. Bg2 c5 8. a3
Bxc3 9. Bxc3 Ne4 10. Rc1 Nxc3 11. Rxc3 cxd4 12. Qxd4 Nc6 13. Qd2 Qe7 14. O-O
Rfd8 15. Nd4 Na5 16. Bxb7 Nxb7 17. Rd1 Rac8 18. Nb5 a6 19. Nd6 Nxd6 20. Qxd6
Qxd6 21. Rxd6 Rc6 22. Rcd3 Rxc4 23. Rxb6 Rc2 24. Rxd7 Ra8 25. Rxa6 Rb8 26. Rb6
Rbc8 27. e3 Kf8 28. Rbb7 Ke8 29. Re7+ 1-0

[Event "ZMDI-Open 2013"]
[Site "Dresden"]
[Date "2013.08.16"]
[Round "7"]
[White "von Koslowski, U."]
[Black "Frommelt, R."]
[Result "0-1"]
[WhiteElo "1749"]
[BlackElo "1765"]
[PlyCount "122"]
[EventDate "2013.??.??"]

1. Nf3 Nf6 2. c4 c5 3. g3 b6 4. Bg2 Bb7 5. O-O g6 6. Nc3 Bg7 7. d3 O-O 8. Bd2
d6 9. Qc1 Re8 10. Rb1 Nbd7 11. e4 Ng4 12. h3 Nge5 13. Ne1 Nc6 14. f4 Nd4 15.
Nc2 Nc6 16. a3 Nf8 17. Ne3 Nd4 18. Qd1 Qc8 19. f5 Nd7 20. Ng4 h5 21. Nh6+ Bxh6
22. Bxh6 Ne5 23. Nd5 Bxd5 24. cxd5 Qa6 25. g4 hxg4 26. hxg4 Qxd3 27. Qxd3 Nxd3
28. g5 Ne5 29. Rbe1 Kh7 30. fxg6+ Kxg6 31. Re3 f6 32. gxf6 Kxh6 33. f7 Rf8 34.
Rh3+ Kg7 35. Rg3+ Ng6 36. Bf3 Nxf3+ 37. Rgxf3 Rh8 38. R1f2 Raf8 39. a4 Rh6 40.
Kf1 Ne5 41. Rg3+ Rg6 42. Rxg6+ Kxg6 43. Ke2 Rxf7 44. Rg2+ Kh7 45. Rg3 Rg7 46.
Rh3+ Kg8 47. Kf2 Rg4 48. Re3 Nc4 49. Re2 Kf7 50. b3 Ne5 51. Re3 a6 52. Re2 b5
53. axb5 axb5 54. Re3 c4 55. bxc4 bxc4 56. Ke2 Rg2+ 57. Kd1 Kg6 58. Rc3 Kg5 59.
Re3 Kf4 60. Re1 Nd3 61. Rh1 Nf2+ 0-1

[Event "ZMDI-Open 2013"]
[Site "Dresden"]
[Date "2013.08.16"]
[Round "7"]
[White "Zalewski, U."]
[Black "Kretschmer, W."]
[Result "1-0"]
[WhiteElo "1805"]
[BlackElo "1597"]
[PlyCount "39"]
[EventDate "2013.??.??"]

1. e4 Nf6 2. Nc3 d5 3. e5 d4 4. exf6 dxc3 5. fxe7 cxd2+ 6. Bxd2 Bxe7 7. Bd3 O-O
8. Nf3 Bf6 9. Rb1 Bg4 10. O-O Qd5 11. Re1 Qxa2 12. Bb4 Rd8 13. Qe2 Nc6 14. Qe4
g6 15. Qxg4 Qa4 16. Re4 Bxb2 17. Bd2 Qa2 18. Ree1 a5 19. Bc4 Qa3 20. Re3 1-0

[Event "ZMDI-Open 2013"]
[Site "Dresden"]
[Date "2013.08.16"]
[Round "7"]
[White "Bisse, V."]
[Black "Helbig, C."]
[Result "1-0"]
[WhiteElo "1967"]
[BlackElo "1786"]
[PlyCount "57"]
[EventDate "2013.??.??"]

1. e4 Nf6 2. e5 Ne4 3. d3 Nc5 4. Nc3 d6 5. Be3 e6 6. d4 Ncd7 7. f4 dxe5 8. dxe5
Bb4 9. Qh5 b6 10. Nf3 g6 11. Qh6 Bf8 12. Qh3 h6 13. Rd1 Bb7 14. Be2 Qc8 15. O-O
Na6 16. Bb5 c6 17. Bc4 Ndc5 18. a3 Bg7 19. b4 b5 20. Ba2 Na4 21. Nxa4 bxa4 22.
Nd4 Qc7 23. Bxe6 fxe6 24. Nxe6 Qe7 25. Nxg7+ Qxg7 26. Qe6+ Kf8 27. Rd7 Re8 28.
Qd6+ Re7 29. Rxb7 1-0

[Event "ZMDI-Open 2013"]
[Site "Dresden"]
[Date "2013.08.16"]
[Round "7"]
[White "Beyer, M."]
[Black "Zilch, L."]
[Result "0-1"]
[WhiteElo "1560"]
[BlackElo "1911"]
[PlyCount "88"]
[EventDate "2013.??.??"]

1. e4 c5 2. c3 d5 3. exd5 Qxd5 4. d4 cxd4 5. Qxd4 Qxd4 6. cxd4 Bd7 7. Nf3 Nc6
8. Bd2 e6 9. Bc4 Nf6 10. O-O Be7 11. a3 O-O 12. Nc3 Rfd8 13. Rfd1 Be8 14. Bf4
Rd7 15. Rd2 Rad8 16. Rad1 a6 17. d5 exd5 18. Nxd5 Nxd5 19. Rxd5 Bf6 20. Rxd7
Rxd7 21. Rxd7 Bxd7 22. Bc1 Na5 23. Ba2 Be6 24. Bxe6 fxe6 25. Ne1 Nb3 26. Bf4
Bxb2 27. Bd6 Nd2 28. Nd3 Nc4 29. Nxb2 Nxd6 30. Kf1 Kf7 31. Ke2 Kf6 32. Kd3 Ke5
33. Nd1 Kd5 34. Nc3+ Kc5 35. Na4+ Kb5 36. Nc3+ Ka5 37. Kc2 Nb5 38. Nb1 Kb6 39.
Kb3 Kc5 40. Kc2 Kd4 41. a4 Nd6 42. Nc3 Kc4 43. Na2 Ne4 44. f3 Nc5 0-1

[Event "ZMDI-Open 2013"]
[Site "Dresden"]
[Date "2013.08.16"]
[Round "7"]
[White "Gabriel, W."]
[Black "Heber, M."]
[Result "0-1"]
[WhiteElo "1733"]
[BlackElo "1634"]
[PlyCount "98"]
[EventDate "2013.??.??"]

1. e4 e6 2. d4 d5 3. e5 c5 4. c3 Nc6 5. Nf3 Bd7 6. Bd3 Nge7 7. O-O Qb6 8. Bc2
cxd4 9. cxd4 Nb4 10. Nc3 Nxc2 11. Qxc2 Rc8 12. Qd1 Bb5 13. Re1 Nc6 14. Be3 Be7
15. Qb3 Bc4 16. Qxb6 axb6 17. a3 b5 18. b4 O-O 19. Nd2 Ra8 20. f4 Bd8 21. g3
Bb6 22. Nxc4 bxc4 23. Red1 Ne7 24. Kg2 Ra6 25. Bf2 Nc8 26. Be1 Bd8 27. Nb5 Ra4
28. Nc3 Ra6 29. Nb5 Be7 30. Nc3 Nb6 31. Rdc1 Rfa8 32. Nb5 Bd8 33. Rc2 Kf8 34.
Bd2 Na4 35. Nc3 Nxc3 36. Rxc3 Be7 37. Rf3 Ra4 38. Kf2 Bxb4 39. Ke2 Ke8 40. Bc1
g6 41. h4 h5 42. Kd1 Be7 43. Rf2 b5 44. Rb1 Bxa3 45. Rxb5 Bxc1 46. Kxc1 Ra1+
47. Rb1 Rxb1+ 48. Kxb1 Ra3 49. Rg2 Rd3 0-1

[Event "ZMDI-Open 2013"]
[Site "Dresden"]
[Date "2013.08.16"]
[Round "7"]
[White "Grohmann, A."]
[Black "Mishin, F."]
[Result "1/2-1/2"]
[WhiteElo "1512"]
[BlackElo "1801"]
[PlyCount "81"]
[EventDate "2013.??.??"]

1. c4 e5 2. g3 d5 3. Bg2 c6 4. cxd5 cxd5 5. e3 Nf6 6. d3 Bd6 7. Ne2 O-O 8. O-O
Nc6 9. Nbc3 Be6 10. d4 e4 11. a3 Rc8 12. Nb5 Bb8 13. Bd2 a6 14. Nbc3 Na5 15. b3
b5 16. a4 bxa4 17. Nxa4 Nb7 18. Nc5 Nxc5 19. dxc5 Rc6 20. Nd4 Rc8 21. Rxa6 Bg4
22. Qc2 Nd7 23. b4 Ne5 24. b5 h5 25. c6 Nc4 26. Rb1 Be5 27. Bb4 Bd6 28. Bxd6
Qxd6 29. Qa2 h4 30. b6 hxg3 31. hxg3 g6 32. b7 Rb8 33. Ra8 Kg7 34. Rxb8 Rxb8
35. Nb5 Qxc6 36. Nd4 Qc7 37. Qa8 Na5 38. f3 exf3 39. Bxf3 Bxf3 40. Nxf3 Qxg3+
41. Kf1 1/2-1/2

[Event "ZMDI-Open 2013"]
[Site "Dresden"]
[Date "2013.08.16"]
[Round "7"]
[White "Mittelstaedt, E."]
[Black "Koch, R."]
[Result "0-1"]
[WhiteElo "1683"]
[BlackElo "1718"]
[PlyCount "80"]
[EventDate "2013.??.??"]

1. d4 Nf6 2. c3 e6 3. Bg5 Be7 4. Nd2 d5 5. e3 b6 6. Ngf3 O-O 7. Bd3 Ba6 8. Qe2
Bxd3 9. Qxd3 Nbd7 10. h3 c5 11. O-O cxd4 12. exd4 a6 13. Rfe1 b5 14. a3 Nb6 15.
Ne5 Qc7 16. f4 Nc4 17. Nexc4 bxc4 18. Qc2 Rab8 19. Rab1 Rb3 20. Nf3 h6 21. Bxf6
Bxf6 22. Ne5 Rfb8 23. Qf2 Qb7 24. Re2 Bxe5 25. fxe5 Rxa3 26. Kh2 Rxc3 27. Rf1
Rb3 28. Qf4 Rf8 29. Rff2 a5 30. Rf3 Rxb2 31. Ree3 Rb3 32. Rg3 Rxe3 33. Qxe3 Qb4
34. Qf3 Qd2 35. Qa3 Qb4 36. Qf3 a4 37. Rxg7+ Kxg7 38. Qf6+ Kh7 39. Qf2 a3 40.
g4 Qb2 0-1

[Event "ZMDI-Open 2013"]
[Site "Dresden"]
[Date "2013.08.16"]
[Round "7"]
[White "Reinisch, J."]
[Black "Sorge, D."]
[Result "1/2-1/2"]
[WhiteElo "1645"]
[BlackElo "1437"]
[PlyCount "76"]
[EventDate "2013.??.??"]

1. c4 g6 2. d4 Bg7 3. Nc3 d6 4. e4 f5 5. Nf3 Nf6 6. e5 Ng8 7. Bf4 Bh6 8. Qd2
Bxf4 9. Qxf4 e6 10. Be2 Qe7 11. O-O Bd7 12. d5 Na6 13. exd6 cxd6 14. dxe6 Bxe6
15. Qd4 Nf6 16. Rfd1 O-O 17. Qxd6 Qxd6 18. Rxd6 Rae8 19. Rad1 Nc5 20. Ng5 Bc8
21. f3 Bd7 22. b4 Na4 23. Nxa4 Bxa4 24. R1d2 Bd7 25. c5 h6 26. Bc4+ Kh8 27. Ne6
Bxe6 28. Bxe6 Re7 29. Bc4 Kg7 30. a4 Rc8 31. Re6 Rec7 32. Rde2 h5 33. Re7+ Kh6
34. Rxc7 Rxc7 35. Re6 Kg7 36. a5 Ng8 37. Kf2 Ne7 38. Rd6 Nc6 1/2-1/2

[Event "ZMDI-Open 2013"]
[Site "Dresden"]
[Date "2013.08.16"]
[Round "7"]
[White "Völler, L."]
[Black "Förster, J."]
[Result "0-1"]
[WhiteElo "1679"]
[BlackElo "1761"]
[PlyCount "78"]
[EventDate "2013.??.??"]

1. e4 e6 2. d4 d5 3. e5 c5 4. c3 Qb6 5. Nf3 Nc6 6. a3 cxd4 7. cxd4 Nge7 8. b4
Nf5 9. Bb2 Be7 10. g4 Nh4 11. Nxh4 Bxh4 12. Qd2 O-O 13. b5 Na5 14. Qd1 Bd7 15.
Nc3 a6 16. Na4 Qd8 17. bxa6 bxa6 18. Nc5 Bb5 19. Bxb5 axb5 20. Bc3 Nc4 21. Bb4
Be7 22. O-O Qc7 23. Qd3 Bxc5 24. Bxc5 Rfc8 25. f4 Qa5 26. Bb4 Qd8 27. Rf3 f6
28. Rh3 g6 29. Re1 Rc6 30. Rh6 Ra7 31. Kh1 fxe5 32. fxe5 Qg5 33. Qh3 Rf7 34.
Qh4 Qxh4 35. Rxh4 Rf3 36. Kg2 Rb3 37. Rf1 Ne3+ 38. Kg1 Nxf1 39. Kxf1 Rc2 0-1

[Event "ZMDI-Open 2013"]
[Site "Dresden"]
[Date "2013.08.16"]
[Round "7"]
[White "Kluge, H."]
[Black "Kanibalotzka, E."]
[Result "0-1"]
[WhiteElo "1680"]
[BlackElo "1822"]
[PlyCount "96"]
[EventDate "2013.??.??"]

1. d4 Nf6 2. Nf3 g6 3. Nbd2 Bg7 4. e3 O-O 5. Bd3 d6 6. h3 Nbd7 7. c3 c6 8. e4
e5 9. O-O Qc7 10. Nb3 c5 11. dxc5 dxc5 12. Qe2 a6 13. a4 b6 14. Be3 Bb7 15.
Nbd2 Rfd8 16. Bg5 h6 17. Bh4 g5 18. Bg3 Nh5 19. Bh2 Nf4 20. Bxf4 exf4 21. Nh2
Ne5 22. Bc2 c4 23. Nhf3 b5 24. Nd4 Nd3 25. Bxd3 cxd3 26. Qxd3 b4 27. N2f3 Qb6
28. Rfd1 bxc3 29. bxc3 Qg6 30. Re1 Re8 31. Nd2 Rad8 32. Rab1 Bc8 33. a5 g4 34.
hxg4 Qxg4 35. Qf3 Bxd4 36. Qxg4+ Bxg4 37. cxd4 Rxd4 38. f3 Rxd2 39. fxg4 Ra2
40. Rb6 Rxa5 41. Rxh6 Kg7 42. Rd6 Ree5 43. Kf2 Ra3 44. Re2 f6 45. Rdd2 Kg6 46.
Ra2 Rea5 47. Rad2 Kg5 48. Rd5+ Kxg4 0-1

[Event "ZMDI-Open 2013"]
[Site "Dresden"]
[Date "2013.08.16"]
[Round "7"]
[White "Böhme-Ziska, C."]
[Black "Dorst, K."]
[Result "1-0"]
[WhiteElo "1747"]
[BlackElo "1761"]
[PlyCount "123"]
[EventDate "2013.??.??"]

1. d4 d5 2. c4 e6 3. Nc3 Nf6 4. Bg5 Be7 5. Nf3 h6 6. Bh4 Nbd7 7. e3 c6 8. Qc2
b6 9. cxd5 cxd5 10. Bb5 O-O 11. Bc6 Ba6 12. Bxa8 Qxa8 13. Ng1 Bb4 14. Nge2 Rc8
15. f3 Bxe2 16. Kxe2 g5 17. Bg3 h5 18. a3 Bf8 19. Rac1 b5 20. Qd3 a6 21. Na2
Nb6 22. Rxc8 Nxc8 23. Qc3 Nb6 24. Nb4 Nc4 25. Nd3 Nd7 26. Ne5 Ndxe5 27. Bxe5
Qb7 28. Ra1 b4 29. axb4 Bxb4 30. Qd3 a5 31. Qc2 Qb5 32. Kf2 Nxe5 33. dxe5 Qb8
34. f4 gxf4 35. exf4 Qb6+ 36. Kf3 Kg7 37. Rc1 Qb5 38. Qe2 Qb7 39. Qc2 d4+ 40.
Qc6 Qxc6+ 41. Rxc6 d3 42. Rc7 d2 43. Rd7 Kg6 44. b3 f6 45. Ke4 f5+ 46. Ke3 h4
47. h3 Kh6 48. Ke2 Kg6 49. Kd1 Bc3 50. Re7 Bb4 51. Rxe6+ Kf7 52. Rh6 Ke7 53.
Rxh4 Ke6 54. Rh8 Kd5 55. Rd8+ Ke4 56. g3 Kf3 57. Rd3+ Ke4 58. Rd8 Kf3 59. Rg8
Ke3 60. h4 Kd3 61. h5 Kc3 62. h6 1-0

[Event "ZMDI-Open 2013"]
[Site "Dresden"]
[Date "2013.08.16"]
[Round "7"]
[White "Grube, K."]
[Black "Schießl, H."]
[Result "1-0"]
[WhiteElo "1602"]
[BlackElo "1749"]
[PlyCount "123"]
[EventDate "2013.??.??"]

1. e4 c6 2. d4 d5 3. Nc3 dxe4 4. Nxe4 Nd7 5. Nf3 Ngf6 6. Ng3 e6 7. Bc4 Bd6 8.
Ne2 Qc7 9. Bb3 b6 10. c4 Bb7 11. Nc3 a6 12. Qe2 O-O 13. O-O c5 14. h3 cxd4 15.
Nxd4 Be5 16. Be3 Rfc8 17. Rfe1 Nc5 18. Bc2 Nce4 19. Nxe4 Bxe4 20. b3 Bxc2 21.
Qxc2 Nd5 22. Qe2 Nxe3 23. Qxe3 Bxd4 24. Qxd4 Rd8 25. Qe3 Rd6 26. Rac1 Rad8 27.
c5 bxc5 28. Qxc5 Qb7 29. Rc2 Rd5 30. Qc6 Qb4 31. Qc3 Qxc3 32. Rxc3 Rd2 33. a4
Rb2 34. Rec1 Kf8 35. Rc8 Ke7 36. Rxd8 Kxd8 37. Rc3 Kd7 38. g4 Kd6 39. Kg2 Kd5
40. h4 h6 41. Rd3+ Ke4 42. Rc3 f5 43. Rc4+ Ke5 44. b4 fxg4 45. Rxg4 Kf6 46. Kg3
e5 47. Rc4 Kf5 48. Rc6 Rxb4 49. Rxa6 Rb3+ 50. Kg2 e4 51. a5 Ra3 52. Ra8 Kf4 53.
Rg8 g5 54. hxg5 hxg5 55. Re8 Kf5 56. Ra8 Ra2 57. Kg3 Ra3+ 58. Kg2 g4 59. a6 Ke5
60. a7 e3 61. Re8+ Kd4 62. fxe3+ 1-0

[Event "ZMDI-Open 2013"]
[Site "Dresden"]
[Date "2013.08.16"]
[Round "7"]
[White "Hilbig, K."]
[Black "Laskow, V."]
[Result "1-0"]
[WhiteElo "1759"]
[BlackElo "1472"]
[PlyCount "63"]
[EventDate "2013.??.??"]

1. d4 Nf6 2. Nf3 e6 3. Nbd2 d5 4. e3 Nbd7 5. Bd3 c5 6. b3 cxd4 7. exd4 Bd6 8.
Bb2 O-O 9. O-O b6 10. Ne5 Bb7 11. f4 Rc8 12. c4 dxc4 13. Ndxc4 Bxe5 14. fxe5
Nd5 15. Ba3 b5 16. Nd6 b4 17. Bc1 Qb6 18. Kh1 Qc6 19. Bb5 Qc7 20. Nxc8 Rxc8 21.
Bd3 Qc6 22. Qf3 f6 23. exf6 N7xf6 24. Bg5 Rf8 25. Rac1 Nc3 26. Qh3 h6 27. Bxf6
gxf6 28. Bc4 Kf7 29. Rce1 Nd5 30. Qxh6 Nf4 31. d5 exd5 32. Qh7# 1-0